000 00938nam a22002057a 4500
008 120530t xxu||||| |||| 00| 0 eng d
020 _a10074944343
050 _aHF5549.5.15.A6681
100 _aArmstrong, Micheal
245 _aA handbook of employee reward management and practice. /
_cMicheal, Armstrong
260 _aLondon:
_bKogan Page,
_c2005.
300 _ax, 478 p.:
_bills;
_c24cm.
500 _aIncludes index.
505 _aContents: The Fundamentals of reward management -- The Conceptual framework -- Establishing job values and relatives -- Grade and pay structures -- Rewarding and reviewing contribution and performance -- Reward and management for special groups -- Employee benefits and pension schemes -- Reward management procedures and case studies.
650 _aIncentives in industry.
650 _aEmployee motivation.
650 _aPersonnels management.
700 _aStephen, Tina
942 _2lcc
_cBK
999 _c1007
_d8507